000 00849nam a2200325Ia 4500
005 20250425162025.0
008 250425s9999 xx 000 0 und d
020 _a9584101870
041 _aspa
082 _a378.12
100 _aFLORES OCHOA, RAFAEL
245 0 _aDOCENTE DEL SIGLO XXI: EVALUACION PEDAGOGICA Y COGNICION
250 _a1A ED.
260 _aBOGOTA
260 _aColombia
_bMCGRAW- HILL
_c2001
300 _a226
500 _aSERIE MCGRAW-HILL
650 _aCOMPETITIVIDAD
650 _aCOMPETITIVIDAD
650 _aEDUCACION
650 _aEDUCACION
650 _aENSEÑANZA-APRENDIZAJE
650 _aENSEÑANZA-APRENDIZAJE
650 _aEVALUACION EDUCACIONAL
650 _aEVALUACION EDUCACIONAL
650 _aPROGRAMAS EDUCATIVOS
650 _aPROGRAMAS EDUCATIVOS
942 _c01
010 _a41087
999 _c220821
_d220821